000 00642nam a2200205 4500
001 116399
003 ES-MaACL
005 20231221183856.0
007 t|
008 061121s1928 sp r ||||1| spa d
100 1 _aOssorio y Gallardo, Ángel,
_d1873-1946
_9138613
245 1 3 _aUn libro del abate Sturzo /
_cAngel Ossorio y Gallardo.
260 _aMadrid :
_bJuan Pueyo,
_c1928.
300 _a528 p. ;
_c19 cm.
490 1 _aEstudios políticos, sociales y económicos
600 0 4 _aSturzo, Luigi.
_9108523
830 0 _aEstudios políticos, sociales y económicos
_9186367
852 _aES-MaACL
_jB-13623
999 _c116399
_d116399